Vista normal Vista MARC

Entrada Materia (personas)

Número de registros utilizados en: 1

001 - CONTROL NUMBER

  • control field: 84173

003 - CONTROL NUMBER IDENTIFIER

  • control field: Co-BoUCM

005 - DATE AND TIME OF LATEST TRANSACTION

  • control field: 20170215084505.0

008 - FIXED-LENGTH DATA ELEMENTS

  • fixed length control field: 170215|| aca||aabn | a|a d

040 ## - CATALOGING SOURCE

  • Original cataloging agency: Co-BoUCM
  • Transcribing agency: Co-BoUCM

100 ## - HEADING--PERSONAL NAME

  • Personal name: Báez Osorio, Miryam

670 ## - SOURCE DATA FOUND

  • Source citation: Work cat.: (Co-BoUCM)45792: Báez Osorio, Miryam, Las escuelas normales y el cambio educativo en los Estados Unidos de Colombia en el período Radical, 1870-1886, 2004